000 00328nam a22001217a 4500
008 260424b |||||||| |||| 00| 0 eng d
082 _a001287
100 _aMande, Kanchan
245 _aWorld Index to the Upanishat Sankarabhashpa Vol 2
260 _aDelhi
_bNew Bharatiya Book Corporation
_c2017
300 _a330p
942 _2ddc
999 _c1315
_d1315